00909nam a22002537a 4500003000500000005001700005008004100022010001000063011001000073035001100083040000900094100004000103245014500143260004000288300003600328502007500364530003600439650002900475650004700504650001100551650001300562856006400575856001600639CHAP20220329143426.0090623s2009 mx r 00010 spa d a96414 a97386 a108052 cCHAP1 aConstantino pérez, Fredy Isrrael.10aTitulación de anticuerpos contra la rabia en bovinos utilizando una vacuna inactivada cepa Pasteurc/por Fredy Isrrael Constantino Pérez aChapingo, Méx. :bEl autor,c2009 avii, 34 h. :bcuadros, gráfs. aTesis (Ing. Agr. Esp. en Zootecnia) -- UACH. Departamento de Zootecnia aTambién disponible en línea14aAntigenos y anticuerpos.14aGanado vacunoxResistencia a enfermedades.14aRabia.14aVacunas. 3Finding aiduhttp://10.13.5.2/tesis/108052.pdfzTeclea aqui a1 n0001679